Self-interest and public interest in western politics /

Bibliographic Details
Main Author: Lewin, Leif, 1941-
Format: Book
Language:English
Published: Oxford ; New York : Oxford University Press, 1991.
Series:Comparative European politics.
Subjects:

MARC

Tag First Indicator Second Indicator Subfields
LEADER 00000cam a2200000 a 4500
001 in00001017821
005 20150928092003.0
008 901017s1991 enk b 00110 eng
010 |a  90021502  
020 |a 0198277261 (hard) :  |c £19.50 (est.) 
020 |a 0198277253 (pbk.) :  |c £7.95 (est.) 
035 |a (OCoLC)22708325 
035 |9 AFE6391AM 
040 |a DLC  |c DLC  |d VVC  |d TXA  |d UtOrBLW 
041 1 |a eng  |h swe 
049 |a TXAM 
050 0 0 |a JC330.15  |b .L4913 1991 
082 0 0 |a 320/.01/1  |2 20 
100 1 |a Lewin, Leif,  |d 1941- 
240 1 0 |a Gemensamma bästa.  |l English 
245 1 0 |a Self-interest and public interest in western politics /  |c Leif Lewin ; translated from the Swedish by Donald Lavery. 
264 1 |a Oxford ;  |a New York :  |b Oxford University Press,  |c 1991. 
300 |a 146 pages ;  |c 22 cm. 
336 |a text  |b txt  |2 rdacontent 
337 |a unmediated  |b n  |2 rdamedia 
338 |a volume  |b nc  |2 rdacarrier 
490 1 |a Comparative European politics 
504 |a Includes bibliographical references and index. 
650 0 |a Public interest. 
650 0 |a Common good. 
650 0 |a Self-interest. 
650 0 |a Social choice. 
650 0 |a Voting. 
830 0 |a Comparative European politics. 
999 |a MARS 
999 f f |s ee729e3b-ac42-3079-ac8a-807fb977dd43  |i c7f91683-97c0-34f3-9a6c-b7091b1b2f77  |t 0 
952 f f |p ric  |a Texas A&M University  |b Rellis Campus  |c Joint Library Facility  |d Remote Storage  |t 0  |e JC330.15 .L4913 1991  |h Library of Congress classification  |i unmediated -- volume  |m A14814991838 
998 f f |a JC330.15 .L4913 1991  |t 0  |l Remote Storage